| 000 | 00735nam a2200289Ia 4500 | ||
|---|---|---|---|
| 008 | 171025s9999 xx 000 0 und d | ||
| 020 | _a9780806527222 | ||
| 050 | _a297 | ||
| 050 | _bW583 2006 | ||
| 100 | _aWhite, Donna G. | ||
| 245 | 4 | _aThe face behind the veil / | |
| 245 | _cby Donna Gehrke-White. | ||
| 260 | _aUSA : | ||
| 260 | _bCitadel Press, | ||
| 260 | _c2006 | ||
| 300 | _axiv, 304 pages : | ||
| 300 | _billustrations ; | ||
| 300 | _c23cm. | ||
| 500 | _aIncludes glossary and bibliographic reference. | ||
| 650 | _aMuslim women -- | ||
| 650 | _aMuslim women -- | ||
| 650 | _aMuslim women -- | ||
| 650 | _xBiography. | ||
| 650 | _xSocial conditions. | ||
| 650 | _xUnite States. | ||
| 700 | _aTitle. | ||
| 999 |
_c344558 _d344558 |
||